00358nam a2200121Ia 4500008004100000245009700041260001700138260000900155300000800164650002300172650001200195856002900207170516s9999 xx 000 0 und d aFLIM-FRET Imaging of Caspase-3 Activity in Live Cells Using Pair of Red Fluorescent Proteins bTheranostics c2012 a2:2 xMedical Technology xMedtech uhttp://www.thno.org/v2i2